| 000 | 02311nam a2200313 a 4500 | ||
|---|---|---|---|
| 001 | BRCA_2379 | ||
| 005 | 20190320203800.0 | ||
| 008 | 071108s1874----sp-#---###---#000-0#spa-u | ||
| 041 | _aspa | ||
| 044 | _asp | ||
| 084 |
_a020 _b.L67 _c1871 F1615 |
||
| 100 | 1 |
_aCervantes Saavedra, Miguel de _d1547-1616 _9213 |
|
| 245 | 1 | 0 |
_aLa primera edición del Ingenioso Hidalgo Don Quijote de la Mancha _bsegunda parte, reproducida en facsímile _ccompuesto por Miguel de Cervantes Saavedra. |
| 260 |
_aBarcelona _bFrancisco López Fabra _c1871 |
||
| 300 |
_a1 v. (sin paginación) _c29 cm. |
||
| 500 | _aContenido : Portada con el escudo y el lema Post tenebras spero lucem. Tasa. Aprovación del Dr. Gutierre Cetina. Aprovaciónde M. Joseph Valdivieso. Aprovación del Lic. Marquéz Torres. Privilegio. Prólogo del autor. Dedicatoria del autor al Conde de Lemos. Texto. Fe de erratas | ||
| 500 | _aEdición : Reproducida en facsímile por la foto-tipografía y publicado por su inventor el Coronel Francisco López Fabra | ||
| 500 | _aFacsímil de : Segunda parte del ingenioso cavallero Don Quixote de la Mancha. Madrid: Juan de la Cuesta, 1615 | ||
| 500 | _aPrimer facsímile de la segunda parte de la edición príncipe, elaborado por Francisco López Fabra, en Barcelona, durante los años de 1871-73. Tiene bastantes erratas y, sobre todo, muchas faltas de puntuación. Estando ya hecha la edición príncipe, mando la Inquisición expurgar las palabras que profieren la Duquesa en el capítulo 36: Y advierta Sancho, que las obras de caridad que se hacen tibia y flojamente no tienen mérito, ni valen nada. Pero se escaparon del expurgo algunos ejemplares que habían salido ya de las prensas, y entre ellos el que sirvio al Sr. López Fabra para hacer su fotocopia. Hermoso ejemplar, encuadernado en pergamino; con florones y filetes dorados en lomo y planos Lúdovik Osterc | ||
| 500 | _aExistencias : Ejemplar foleado con el número 7 | ||
| 500 | _aQM117 | ||
| 650 | 1 | 4 |
_aNovela española _yÉpoca clásica, 1500-1700 _9215 |
| 650 | 1 | 4 |
_aLiteratura española _yÉpoca clásica, 1500-1700 _9216 |
| 650 | 1 | 4 |
_aNovela española _ySiglo XVII _9217 |
| 650 | 1 | 4 |
_aDon Quijote (Personaje ficticio) _eNovela _9218 |
| 740 | 0 | _aEl Ingenioso Hidalgo Don Quijote de la Mancha | |
| 902 | _aQFM | ||
| 942 |
_2lcc _cB |
||
| 999 |
_c2120 _d2120 |
||